1471 1096 1588 1928 1293 1323 1739 1002 1418 1084 1737 1034 1551 1365 1939 1372 1343 1007 1862 1109 1593 1964 1903 1365 1511 1830 1908 1076 1727 1209 1270 1074 1051 1544 1018 1067 1086 1943 1996 1309 1758 1754 1002 1123 1272 1394 1915 1156 1551 1879 1354 1181 1977 1429 1431 1479 1877 1853 1063 1607 1308 1880 1470 1189 1736 1591 1014 1530 1896 1963 1697 1514 1675 1451 1342 1074 1060 1874 1990 1551 1131 1815 1915 1136 1303 1135 1541 1573 1015 1954 1082 1008 1983 1673 1945 1697 1366 1221 1856 BCNSPRNW ULIB Ver.6.0+V

เปลี่ยนเป็นภาษาไทย

Change to English
 แสดงรายละเอียดบรรณานุกรม
  กลับหน้าหลัก

Brief Record : Get Marc (ISO 2709) : E-mail record : QR code < ปิดหน้าต่าง
LEADER : 00000nam 2200000uu 4500
001    13399121350
003     ULIB
008    121115s2552||||th 000 0 tha d
020    ^a9786162000195
050  4 ^aT385^bว358ค
100 0  ^aวสันต์ พึ่งพูนผล
245 10 ^aคู่มือ Illustrator CS4 professional guide :^bฉบับสมบูรณ์ /^cวสันต์ พึ่งพูลผล ; [บรรณาธิการ, เกียรติพงษ์ บุญจิตร]
246 30 ^aIllustrator CS4 professional guide ฉบับสมบูรณ์
250    ^aพิมพ์ครั้งที่ 1
260    ^aนนทบุรี :^bไอดีซีอินโฟดิสทริบิวเตอร์เซนเตอร์,^c2552
300    ^aviii, 402 หน้า :^bภาพประกอบ ;^c23 ซม.
500    ^aชื่อเรื่องจากปกนอก
650  4 ^aคอมพิวเตอร์กราฟิก
650  4 ^aอโดบีอิลลัสเตรเตอร์
700 0  ^aเกียรติพงษ์ บุญจิตร,^eบรรณาธิการ
945    ^p279^l0^i16678
995    ^aวิภา
999 ^a ทศพร
รายการนี้ยังไม่มีแท็ก
คุณยังไม่ได้ล็อกอิน คุณสามารถมีกิจกรรมร่วมกับเว็บไซต์ได้ แต่ต้องล็อกอินก่อน ::
  ล็อกอิน

รายการสื่อสารสนเทศ

ลำดับที่ ประเภท เลขเรียก/บาร์โค้ด สถานที่ สถานะ
1. วิทยาศาสตร์การแพทย์ และสุขภาพ
วิทยาศาสตร์การแพทย์ และสุขภาพ
T385 ว358ค  
  Barcode: 16678
ห้องสมุดวิทยาเขตสวรรค์ประชารักษ์
►หนังสือทั่วไป
บนชั้น

รายการใกล้เคียง
    ผู้แต่ง [วสันต์ พึ่งพูนผล]

    หัวเรื่อง [คอมพิวเตอร์กราฟิก]
    หัวเรื่อง [อโดบีอิลลัสเตรเตอร์]

BibComment


ยังไม่เคยถูกคอมเมนท์

คอมเมนท์ทรัพยากรรายการนี้
  คอมเมนท์: คู่มือ Illustrat..


 Copyright 2026. Bcnsprnw @Library